00321nam a2200109Ia 450000500170000000800410001710000240005824500710008226000300015330000110018365000170019420260328104321.0260328s9999||||xx |||||||||||||| ||und|| aPearson, Paul David 0aAlvar Aalto :b and the international style /cPaul David Pearson bWhitney Library of Design a240 p. aAalto, Alvar